| 000 | 01159cam a2200217 4500 | ||
|---|---|---|---|
| 001 | ABS66989 | ||
| 008 | 030901n2003 000 0 eng u | ||
| 035 | _a(Sirsi) u123412 | ||
| 100 | _aBlackman, D. | ||
| 245 | _aRoof on the market | ||
| 260 | _c2003 | ||
| 490 |
_aInside Housing _v20(23) 13 June 2003, 50-51(2) |
||
| 520 | _aLooks at the signs of private investment interest in areas of low demand, which are the target of the government market renewal programme (Pathfinders). Market renewal fund money can be used to take the edge off the risk that worries the private sector. Under-priced markets exist that can represent a significant investment opportunity. Lack of market information and a suitable market mechanism have inhibited investment in this area. Lenders are becoming re-engaged with the low-demand areas. However, prospective investors may demand a bigger say in the provision of local services before risking their money in these areas. | ||
| 590 | _aABS | ||
| 650 | _aLOW DEMAND | ||
| 650 | _aMARKET RENEWAL PATHFINDER AREAS | ||
| 650 | _aPRIVATE INVESTMENT | ||
| 650 | _aCLEARANCE | ||
| 690 | _aHOUSING-FINANCE | ||
| 942 | _n0 | ||
| 999 |
_c73305 _d73305 |
||